000 00301nam a2200145Ia 4500
100 _aStevens
942 _cBK
654 _aC Database development
245 _aC Database Development
260 _bB.P.B
_c1989
082 _a005.133'C'
_bSTE
300 _a312
546 _aENGLISH
999 _c34786
_d34786